| 000 | 00440nam a22001697a 4500 | ||
|---|---|---|---|
| 005 | 20200517150919.0 | ||
| 008 | 200517b xxu||||| |||| 00| 0 eng d | ||
| 020 | _a9788123916750 | ||
| 041 | _aeng | ||
| 082 | _a615.19 AHM | ||
| 100 |
_aAHMAD M ZAFFER _95426 |
||
| 245 | _aText book Pharmaceutical Durg anakysis | ||
| 260 |
_aNew Delhi _bCBS Publishers and distributors _c2019 |
||
| 300 | _a252 | ||
| 650 |
_aPharmacy _95427 |
||
| 942 | _cBK | ||
| 999 |
_c6229 _d6227 |
||